[Event "Outaouais-ch Reserve"]
[Site "Gatineau CAN"]
[Date "2013.04.30"]
[Round "3"]
[White "Berthiaume, Serge"]
[Black "Raymond, Robert"]
[Result "1-0"]
[WhiteElo "1438"]
[BlackElo "1378"]
[PlyCount "29"]
[GameId "2160767909364543"]
[EventDate "2013.04.16"]
[EventType "swiss"]
[EventRounds "6"]
[EventCountry "CAN"]
[SourceTitle "EXT 2022"]
[Source "ChessBase"]
[SourceDate "2021.10.06"]
[SourceVersion "1"]
[SourceVersionDate "2021.10.06"]
[SourceQuality "1"]

1. d4 d5 2. Nf3 e6 3. Bf4 Bd6 4. Bg3 Nf6 5. e3 O-O 6. Bd3 h6 7. Nc3 Bb4 8. a3 Bxc3+ 9. bxc3 b6 10. Ne5 Bb7 11. Bh4 g5 12. Bg3 Ne4 13. Qh5 Qf6 14. Ng4 Kh7 15. Nxf6+ 1-0

[Event "Outaouais-ch Reserve"]
[Site "Gatineau CAN"]
[Date "2013.04.30"]
[Round "3"]
[White "Choiniere, Rene"]
[Black "Simard, Paul"]
[Result "1-0"]
[WhiteElo "1607"]
[BlackElo "1219"]
[PlyCount "135"]
[GameId "2160767909364544"]
[EventDate "2013.04.16"]
[EventType "swiss"]
[EventRounds "6"]
[EventCountry "CAN"]
[SourceTitle "EXT 2022"]
[Source "ChessBase"]
[SourceDate "2021.10.06"]
[SourceVersion "1"]
[SourceVersionDate "2021.10.06"]
[SourceQuality "1"]

1. e4 e5 2. Nf3 Nc6 3. Bb5 Nf6 4. d3 d6 5. O-O Be7 6. c3 O-O 7. h3 h6 8. Re1 a6 9. Ba4 b5 10. Bc2 Na7 11. d4 exd4 12. cxd4 d5 13. e5 Ne4 14. Bxe4 dxe4 15. Rxe4 Nc6 16. Nc3 Bb7 17. Re1 Nb4 18. a3 Nd5 19. Be3 Nxe3 20. Rxe3 c5 21. dxc5 Bxc5 22. Rd3 Qb6 23. Qe2 Rad8 24. Rad1 Rxd3 25. Rxd3 Qg6 26. b4 Bb6 27. Nd5 Bxd5 28. Rxd5 Qb1+ 29. Kh2 Bc7 30. g3 Qb3 31. Rd3 Qc4 32. Qd2 Qe6 33. Re3 Rd8 34. Qe2 g5 35. Kg2 Qf5 36. e6 fxe6 37. Rxe6 h5 38. Re8+ Rxe8 39. Qxe8+ Kg7 40. Qe7+ Qf7 41. Qxg5+ Qg6 42. Qxg6+ Kxg6 43. Ne1 Kf5 44. Kf3 Kg5 45. Ke4 Kf6 46. f4 Bb6 47. g4 hxg4 48. hxg4 Kg6 49. Nd3 Bc7 50. Nc5 Kh6 51. Nxa6 Bd8 52. Kd5 Bh4 53. f5 Bf6 54. Ke6 Kg5 55. Nc7 Bb2 56. Nd5 Kxg4 57. f6 Bxa3 58. f7 Bc1 59. f8=Q Bg5 60. Qg7 Kh5 61. Nf6+ Kh4 62. Qh7+ Kg3 63. Ne4+ Kg4 64. Nxg5 Kxg5 65. Qf5+ Kh6 66. Qg4 Kh7 67. Kf7 Kh8 68. Qg7# 1-0

[Event "Outaouais-ch Reserve"]
[Site "Gatineau CAN"]
[Date "2013.04.30"]
[Round "3"]
[White "Danilov, Alex"]
[Black "Potvin, Daniel"]
[Result "0-1"]
[WhiteElo "1693"]
[BlackElo "1619"]
[PlyCount "118"]
[GameId "2160767909364545"]
[EventDate "2013.04.16"]
[EventType "swiss"]
[EventRounds "6"]
[EventCountry "CAN"]
[SourceTitle "EXT 2022"]
[Source "ChessBase"]
[SourceDate "2021.10.06"]
[SourceVersion "1"]
[SourceVersionDate "2021.10.06"]
[SourceQuality "1"]

1. e4 b6 2. Nc3 Bb7 3. d4 e6 4. Nf3 Bb4 5. Bd3 Nf6 6. Qe2 d5 7. exd5 Qxd5 8. O-O Bxc3 9. bxc3 Qh5 10. c4 Bxf3 11. gxf3 c6 12. Kh1 Nbd7 13. Rg1 g6 14. Rg5 Qh4 15. Be3 O-O 16. Rag1 Rfe8 17. Qf1 e5 18. R1g3 exd4 19. Rh3 Qxh3 20. Qxh3 dxe3 21. fxe3 Rxe3 22. Rg1 Rae8 23. Qg2 Ne5 24. Be2 c5 25. f4 Ned7 26. Bf3 Kg7 27. Bc6 Re2 28. Qf1 R8e3 29. Bxd7 Nxd7 30. f5 Nf6 31. fxg6 hxg6 32. Qf5 Re5 33. Qd3 R2e3 34. Qd8 Re2 35. Qd3 Nh5 36. Qf3 Nf6 37. Qd3 R2e4 38. Rf1 Ng4 39. Qf3 f5 40. h3 Ne3 41. Re1 Kf6 42. Re2 Nxc4 43. Rxe4 Rxe4 44. Qc3+ Rd4 45. Kg2 Ne5 46. Qe3 Re4 47. Qg3 Re2+ 48. Kf1 Rxc2 49. Qh4+ g5 50. Qh8+ Ke6 51. Qg8+ Nf7 52. Qe8+ Kf6 53. Qc6+ Kg7 54. Qd5 f4 55. Qb3 Rd2 56. a4 Rd4 57. Qc3 Nd6 58. a5 Ne4 59. Qa1 Nd2+ 0-1

[Event "Outaouais-ch Reserve"]
[Site "Gatineau CAN"]
[Date "2013.04.30"]
[Round "3"]
[White "Jiang, Qizhe"]
[Black "Lecorre, Joel"]
[Result "1-0"]
[WhiteElo "1450"]
[BlackElo "1591"]
[PlyCount "43"]
[GameId "2160767909364546"]
[EventDate "2013.04.16"]
[EventType "swiss"]
[EventRounds "6"]
[EventCountry "CAN"]
[SourceTitle "EXT 2022"]
[Source "ChessBase"]
[SourceDate "2021.10.06"]
[SourceVersion "1"]
[SourceVersionDate "2021.10.06"]
[SourceQuality "1"]

1. e4 e6 2. d4 d5 3. e5 c5 4. c3 Nc6 5. Nf3 cxd4 6. cxd4 Qb6 7. Nc3 Bb4 8. a3 Bxc3+ 9. bxc3 Nge7 10. Bd3 Bd7 11. Rb1 Qc7 12. O-O a6 13. Ng5 h6 14. Qh5 g6 15. Qh4 Nf5 16. Bxf5 exf5 17. Nxf7 Kxf7 18. Qf6+ Kg8 19. Qxg6+ Kf8 20. Bxh6+ Rxh6 21. Qxh6+ Ke7 22. Qf6+ 1-0

[Event "Outaouais-ch Reserve"]
[Site "Gatineau CAN"]
[Date "2013.04.30"]
[Round "3"]
[White "Lavergne, Daniel"]
[Black "Lemieux, Denis"]
[Result "1-0"]
[WhiteElo "1824"]
[BlackElo "1624"]
[PlyCount "55"]
[GameId "2160767909364547"]
[EventDate "2013.04.16"]
[EventType "swiss"]
[EventRounds "6"]
[EventCountry "CAN"]
[SourceTitle "EXT 2022"]
[Source "ChessBase"]
[SourceDate "2021.10.06"]
[SourceVersion "1"]
[SourceVersionDate "2021.10.06"]
[SourceQuality "1"]

1. e4 c6 2. d4 d5 3. exd5 cxd5 4. c4 dxc4 5. Bxc4 Nf6 6. Nf3 e6 7. O-O Be7 8. Nc3 O-O 9. Qe2 Nbd7 10. Bg5 Nb6 11. Bb3 Re8 12. Rfd1 Nfd5 13. Bxe7 Rxe7 14. Rac1 a6 15. Ne4 Rc7 16. Nc5 Qd6 17. g3 Nd7 18. Qe4 N7f6 19. Qh4 Bd7 20. Nxd7 Qxd7 21. Ne5 Qd6 22. Rxc7 Qxc7 23. f4 Rc8 24. f5 Ne3 25. fxe6 Nxd1 26. exf7+ Kf8 27. Qxh7 Nxh7 28. Ng6# 1-0

[Event "Outaouais-ch Reserve"]
[Site "Gatineau CAN"]
[Date "2013.04.30"]
[Round "3"]
[White "Legare, Gilles"]
[Black "Laurin, Marcel"]
[Result "0-1"]
[WhiteElo "1147"]
[BlackElo "1586"]
[PlyCount "52"]
[GameId "2160767909364548"]
[EventDate "2013.04.16"]
[EventType "swiss"]
[EventRounds "6"]
[EventCountry "CAN"]
[SourceTitle "EXT 2022"]
[Source "ChessBase"]
[SourceDate "2021.10.06"]
[SourceVersion "1"]
[SourceVersionDate "2021.10.06"]
[SourceQuality "1"]

1. e4 c5 2. b3 Nc6 3. Nf3 e5 4. Bc4 Be7 5. Nc3 Nf6 6. O-O O-O 7. d3 d6 8. Bg5 Bg4 9. Nd5 Nxd5 10. Bxe7 Ndxe7 11. Qd2 Bxf3 12. gxf3 Ng6 13. Kh1 Nh4 14. Qe3 Nd4 15. Rg1 Nxc2 16. Rxg7+ Kxg7 17. Rg1+ Ng6 18. Qg5 Qxg5 19. Rxg5 Nd4 20. Rg3 Ne2 21. Rg2 Rab8 22. Bd5 Nef4 23. Rg4 Nxd5 24. exd5 f5 25. Rg5 h6 26. Rg3 Rg8 0-1

[Event "Outaouais-ch Reserve"]
[Site "Gatineau CAN"]
[Date "2013.04.30"]
[Round "3"]
[White "Piche, Guy"]
[Black "Jobin, Gilles G"]
[Result "1-0"]
[WhiteElo "1650"]
[BlackElo "1842"]
[PlyCount "97"]
[GameId "2160767909364549"]
[EventDate "2013.04.16"]
[EventType "swiss"]
[EventRounds "6"]
[EventCountry "CAN"]
[SourceTitle "EXT 2022"]
[Source "ChessBase"]
[SourceDate "2021.10.06"]
[SourceVersion "1"]
[SourceVersionDate "2021.10.06"]
[SourceQuality "1"]

1. f4 d5 2. e3 Nf6 3. b3 c5 4. Bb2 Nc6 5. Bb5 Bd7 6. Nf3 Qc7 7. O-O a6 8. Bxc6 Bxc6 9. Ne5 e6 10. d3 Rd8 11. Qe1 Nd7 12. Nd2 f6 13. Nxc6 Qxc6 14. Nf3 Bd6 15. Qh4 O-O 16. g4 e5 17. f5 Be7 18. Qh5 c4 19. Rae1 Qb5 20. d4 e4 21. Nh4 Rf7 22. Ng6 Qa5 23. Nxe7+ Rxe7 24. a4 Qb6 25. Ba3 Rf7 26. Rb1 c3 27. g5 fxg5 28. Qxg5 Qf6 29. Qg3 Rc8 30. Kh1 Qc6 31. Rf4 Nf6 32. Rh4 b5 33. axb5 axb5 34. Bd6 Ne8 35. Be5 Rxf5 36. Qh3 Rf3 37. Qg2 Qg6 38. Rg4 Qf7 39. Bf4 Nf6 40. Rg5 Nh5 41. Qg4 Rf8 42. Rxh5 Qa7 43. Rg1 g6 44. Qe6+ Qf7 45. Qxd5 Qxd5 46. Rxd5 Rf2 47. Rc1 Rf5 48. Rxf5 gxf5 49. Kg1 1-0

[Event "Outaouais-ch Reserve"]
[Site "Gatineau CAN"]
[Date "2013.04.30"]
[Round "3"]
[White "Traversy, Pierre"]
[Black "Kouassi, Karen"]
[Result "0-1"]
[WhiteElo "1154"]
[BlackElo "1199"]
[PlyCount "50"]
[GameId "2160767909364550"]
[EventDate "2013.04.16"]
[EventType "swiss"]
[EventRounds "6"]
[EventCountry "CAN"]
[SourceTitle "EXT 2022"]
[Source "ChessBase"]
[SourceDate "2021.10.06"]
[SourceVersion "1"]
[SourceVersionDate "2021.10.06"]
[SourceQuality "1"]

1. d4 d5 2. Nf3 Nc6 3. Bd2 Nf6 4. Nc3 Bf5 5. a3 a6 6. e3 Qd6 7. g3 e5 8. dxe5 Nxe5 9. Nxe5 Qxe5 10. Bg2 c5 11. O-O Bd6 12. Rb1 O-O 13. Re1 b5 14. Bc1 Bg4 15. Bf3 Qh5 16. Bxg4 Nxg4 17. h4 Rfe8 18. Qxd5 Be5 19. Qf3 Rab8 20. e4 Re6 21. Nd5 Rf8 22. Nf4 Bxf4 23. Bxf4 Rf6 24. Rf1 g5 25. hxg5 Qh2# 0-1

[Event "Outaouais-ch Reserve"]
[Site "Gatineau CAN"]
[Date "2013.05.07"]
[Round "4"]
[White "Choiniere, Rene"]
[Black "Danilov, Alex"]
[Result "1/2-1/2"]
[WhiteElo "1607"]
[BlackElo "1693"]
[PlyCount "66"]
[GameId "2160767909364551"]
[EventDate "2013.04.16"]
[EventType "swiss"]
[EventRounds "6"]
[EventCountry "CAN"]
[SourceTitle "EXT 2022"]
[Source "ChessBase"]
[SourceDate "2021.10.06"]
[SourceVersion "1"]
[SourceVersionDate "2021.10.06"]
[SourceQuality "1"]

1. e4 c5 2. c3 d5 3. e5 Nc6 4. d4 e6 5. Nf3 Qb6 6. Be2 Bd7 7. O-O cxd4 8. cxd4 Nge7 9. b3 Nf5 10. Bb2 Be7 11. Na3 O-O 12. Nc2 f6 13. Bd3 fxe5 14. Bxf5 Rxf5 15. Nxe5 Nxe5 16. dxe5 Raf8 17. Bd4 Bc5 18. Bxc5 Qxc5 19. Nd4 Rf4 20. Nf3 Qb6 21. Qd2 Bb5 22. Rfe1 d4 23. Qb4 Bc6 24. Qxb6 axb6 25. Rad1 Bxf3 26. gxf3 Rxf3 27. Rd2 Rd8 28. Re4 Rf5 29. Rdxd4 Rxd4 30. Rxd4 Rxe5 31. Rd8+ Kf7 32. Rd7+ Kf6 33. Rxb7 b5 1/2-1/2

[Event "Outaouais-ch Reserve"]
[Site "Gatineau CAN"]
[Date "2013.05.07"]
[Round "4"]
[White "Jobin, Gilles G"]
[Black "Scantland, Patrick"]
[Result "0-1"]
[WhiteElo "1842"]
[BlackElo "1854"]
[PlyCount "80"]
[GameId "2160767909364552"]
[EventDate "2013.04.16"]
[EventType "swiss"]
[EventRounds "6"]
[EventCountry "CAN"]
[SourceTitle "EXT 2022"]
[Source "ChessBase"]
[SourceDate "2021.10.06"]
[SourceVersion "1"]
[SourceVersionDate "2021.10.06"]
[SourceQuality "1"]

1. c4 e5 2. g3 Nf6 3. Nc3 Nc6 4. Bg2 Bb4 5. a3 Bxc3 6. dxc3 O-O 7. Qa4 e4 8. Bg5 Re8 9. Qc2 Ne5 10. Bxf6 Qxf6 11. Bxe4 g6 12. c5 c6 13. Rd1 Ng4 14. Nf3 Qe7 15. h3 Nf6 16. Bd3 Qxc5 17. O-O d5 18. Kg2 Be6 19. Nd4 Bd7 20. Rde1 Ne4 21. Bxe4 Rxe4 22. e3 Rae8 23. Qd2 Qf8 24. f4 Qh6 25. Rh1 f6 26. Qf2 c5 27. Nb3 b6 28. Nd2 R4e7 29. Nf3 Bc6 30. Kh2 g5 31. g4 gxf4 32. g5 fxg5 33. Nxg5 fxe3 34. Qg3 Rg7 35. Rhg1 Qg6 36. Rxe3 Rxe3 37. Qxe3 Qd6+ 38. Rg3 d4 39. cxd4 cxd4 40. Qf2 Rxg5 0-1

[Event "Outaouais-ch Reserve"]
[Site "Gatineau CAN"]
[Date "2013.05.07"]
[Round "4"]
[White "Latreille, Jonathan"]
[Black "Kouassi, Karen"]
[Result "0-1"]
[WhiteElo "767"]
[BlackElo "1199"]
[PlyCount "46"]
[GameId "2160767909364553"]
[EventDate "2013.04.16"]
[EventType "swiss"]
[EventRounds "6"]
[EventCountry "CAN"]
[SourceTitle "EXT 2022"]
[Source "ChessBase"]
[SourceDate "2021.10.06"]
[SourceVersion "1"]
[SourceVersionDate "2021.10.06"]
[SourceQuality "1"]

1. Nf3 d5 2. Nc3 Nf6 3. d3 h6 4. b3 Nc6 5. Bb2 e5 6. e3 Bd6 7. Be2 O-O 8. O-O e4 9. dxe4 dxe4 10. Nd2 Re8 11. Nc4 a6 12. Bh5 b5 13. Na5 Nxa5 14. Nd5 c5 15. f3 Nxh5 16. f4 Qh4 17. g3 Qh3 18. Rf2 Bg4 19. Qf1 Qxf1+ 20. Raxf1 Rab8 21. Bc3 b4 22. Bd2 c4 23. bxc4 Nxc4 0-1

[Event "Outaouais-ch Reserve"]
[Site "Gatineau CAN"]
[Date "2013.05.07"]
[Round "4"]
[White "Lecorre, Joel"]
[Black "Latreille, Etienne"]
[Result "0-1"]
[WhiteElo "1591"]
[BlackElo "1365"]
[PlyCount "36"]
[GameId "2160767909364554"]
[EventDate "2013.04.16"]
[EventType "swiss"]
[EventRounds "6"]
[EventCountry "CAN"]
[SourceTitle "EXT 2022"]
[Source "ChessBase"]
[SourceDate "2021.10.06"]
[SourceVersion "1"]
[SourceVersionDate "2021.10.06"]
[SourceQuality "1"]

1. g3 d5 2. Bg2 Nf6 3. d3 Bf5 4. Nf3 Nc6 5. Nbd2 e5 6. c3 Bc5 7. O-O Qd6 8. Qc2 O-O-O 9. Nh4 Bg6 10. b4 Bb6 11. a4 Bxf2+ 12. Rxf2 Ng4 13. Rf3 Rhe8 14. Nxg6 Qxg6 15. e4 d4 16. Nf1 dxc3 17. Qxc3 Nd4 18. b5 Ne2+ 0-1

[Event "Outaouais-ch Reserve"]
[Site "Gatineau CAN"]
[Date "2013.05.07"]
[Round "4"]
[White "Legare, Gilles"]
[Black "Labelle, Julien Sylvain"]
[Result "1-0"]
[WhiteElo "1147"]
[BlackElo "996"]
[PlyCount "91"]
[GameId "2160767909364555"]
[EventDate "2013.04.16"]
[EventType "swiss"]
[EventRounds "6"]
[EventCountry "CAN"]
[SourceTitle "EXT 2022"]
[Source "ChessBase"]
[SourceDate "2021.10.06"]
[SourceVersion "1"]
[SourceVersionDate "2021.10.06"]
[SourceQuality "1"]

1. e4 e6 2. Nf3 d5 3. e5 Nd7 4. d4 c5 5. Nc3 Ne7 6. Bg5 h6 7. Bh4 g5 8. Bg3 Nc6 9. Be2 a6 10. dxc5 Nxc5 11. O-O g4 12. Nd4 Nb4 13. Bxg4 Rg8 14. Bh5 Rg5 15. Bh4 Be7 16. Bxg5 Bxg5 17. a3 Nc6 18. Nf3 Bf4 19. g3 Bxe5 20. Re1 d4 21. Nxe5 Nd7 22. Nxc6 bxc6 23. Rxe6+ Kf8 24. Rxh6 dxc3 25. Rh8+ Ke7 26. Rxd8 Kxd8 27. bxc3 Bb7 28. Qd6 Ra7 29. Bxf7 Ba8 30. Rb1 Rb7 31. Bb3 Kc8 32. Qxc6+ Kb8 33. Qxa6 Nc5 34. Qd6+ Rc7 35. Qb6+ Bb7 36. Re1 Rc6 37. Qd8+ Rc8 38. Qd6+ Ka7 39. Bd5 Ba8 40. Re7+ Nb7 41. c4 Rb8 42. Qc5+ Ka6 43. Bxb7+ Rxb7 44. Qc8 Ka7 45. Qc5+ Kb8 46. Re8# 1-0

[Event "Outaouais-ch Reserve"]
[Site "Gatineau CAN"]
[Date "2013.05.07"]
[Round "4"]
[White "Lemieux, Denis"]
[Black "Jiang, Qizhe"]
[Result "1-0"]
[WhiteElo "1624"]
[BlackElo "1450"]
[PlyCount "99"]
[GameId "2160767909364556"]
[EventDate "2013.04.16"]
[EventType "swiss"]
[EventRounds "6"]
[EventCountry "CAN"]
[SourceTitle "EXT 2022"]
[Source "ChessBase"]
[SourceDate "2021.10.06"]
[SourceVersion "1"]
[SourceVersionDate "2021.10.06"]
[SourceQuality "1"]

1. d4 Nf6 2. c4 g6 3. Nc3 Bg7 4. e4 d6 5. Bg5 h6 6. Bh4 O-O 7. f3 e5 8. d5 c6 9. Bd3 Qb6 10. Qd2 Nbd7 11. Na4 Qc7 12. Nc3 cxd5 13. cxd5 Nc5 14. Bc2 Nh7 15. Nge2 f5 16. O-O Qb6 17. b3 Nxe4+ 18. Bf2 Nxd2 19. Bxb6 Nxf1 20. Bf2 Nd2 21. Rd1 Nxf3+ 22. gxf3 Bd7 23. Bd3 a6 24. Bb6 Rac8 25. Ba5 Ng5 26. Kg2 Rfe8 27. Bb4 e4 28. fxe4 fxe4 29. Bb1 Bg4 30. Rc1 Bf3+ 31. Kf1 Nf7 32. Ng3 g5 33. Nce2 Bxe2+ 34. Nxe2 Rxc1+ 35. Nxc1 Re5 36. Ne2 Rxd5 37. Bxe4 Rb5 38. Bd2 d5 39. Bd3 Rb6 40. Ng3 Rf6+ 41. Kg2 Ne5 42. Be2 Rc6 43. Bd1 Nd3 44. Kf1 Nb2 45. Bf3 Rc2 46. Bxd5+ Kh8 47. Ne4 b6 48. a4 Bd4 49. Ke2 Nd1 50. Kxd1 1-0

[Event "Outaouais-ch Reserve"]
[Site "Gatineau CAN"]
[Date "2013.05.07"]
[Round "4"]
[White "Piche, Guy"]
[Black "Lavergne, Daniel"]
[Result "1-0"]
[WhiteElo "1650"]
[BlackElo "1824"]
[PlyCount "101"]
[GameId "2160767909364557"]
[EventDate "2013.04.16"]
[EventType "swiss"]
[EventRounds "6"]
[EventCountry "CAN"]
[SourceTitle "EXT 2022"]
[Source "ChessBase"]
[SourceDate "2021.10.06"]
[SourceVersion "1"]
[SourceVersionDate "2021.10.06"]
[SourceQuality "1"]

1. f4 c5 2. Nf3 Nf6 3. b3 g6 4. Bb2 Bg7 5. e3 O-O 6. c4 Nc6 7. a3 d6 8. Be2 a6 9. O-O Qc7 10. Nc3 e5 11. Nd5 Nxd5 12. cxd5 Ne7 13. fxe5 dxe5 14. e4 Bd7 15. Rc1 Qd6 16. d3 Rac8 17. Nd2 b5 18. a4 f5 19. axb5 axb5 20. Ra1 Bh6 21. Nf3 Be3+ 22. Kh1 Bd4 23. Qd2 f4 24. Ra7 Rc7 25. Rfa1 Rfc8 26. R7a6 Nc6 27. dxc6 Bxc6 28. Bxd4 cxd4 29. Qa5 Qe7 30. Qd2 Bb7 31. R6a2 g5 32. Ne1 Qg7 33. Bg4 Rf8 34. Rc1 Rxc1 35. Qxc1 h5 36. Be6+ Kh8 37. Ra7 g4 38. Qc5 Re8 39. Bd5 Rc8 40. Qxc8+ Bxc8 41. Rxg7 Kxg7 42. Bc6 b4 43. Bb5 Be6 44. Bc4 Bxc4 45. dxc4 Kf6 46. Nd3 h4 47. Kg1 h3 48. gxh3 gxh3 49. Kf2 Ke6 50. Nxb4 Kd6 51. Nd3 1-0

[Event "Outaouais-ch Reserve"]
[Site "Gatineau CAN"]
[Date "2013.05.07"]
[Round "4"]
[White "Raymond, Daniel"]
[Black "Berthiaume, Serge"]
[Result "1-0"]
[WhiteElo "1590"]
[BlackElo "1438"]
[PlyCount "111"]
[GameId "2160767909364558"]
[EventDate "2013.04.16"]
[EventType "swiss"]
[EventRounds "6"]
[EventCountry "CAN"]
[SourceTitle "EXT 2022"]
[Source "ChessBase"]
[SourceDate "2021.10.06"]
[SourceVersion "1"]
[SourceVersionDate "2021.10.06"]
[SourceQuality "1"]

1. e4 g6 2. Nf3 Bg7 3. d4 c5 4. c3 cxd4 5. Nxd4 Nc6 6. Be3 Qc7 7. Nd2 a6 8. a4 Nf6 9. Bd3 d5 10. O-O Ng4 11. N4f3 Nxe3 12. fxe3 Ne5 13. Bc2 Qb6 14. exd5 Qxe3+ 15. Kh1 Nd3 16. Bxd3 Qxd3 17. Nb3 Qc4 18. Re1 Qf4 19. Qe2 Qd6 20. Rad1 Bf6 21. Nbd2 Bf5 22. Nc4 Qd7 23. Nb6 Qd8 24. Nxa8 O-O 25. Nd4 Bd7 26. d6 exd6 27. Nf3 Bxa4 28. Rd2 Re8 29. Qf2 Qxa8 30. Rxd6 Be7 31. Rd2 Qb8 32. Rde2 Qc7 33. Ng5 Bb3 34. Qd4 h6 35. Ne4 Be6 36. Nf6+ Bxf6 37. Qxf6 Qd6 38. Qe5 Qc6 39. Qf4 h5 40. Rd2 Qb5 41. h3 a5 42. Re5 Qb6 43. Qe3 Qa6 44. Qe2 Qa7 45. Red5 Qa8 46. Re5 b6 47. Qb5 Qb7 48. Qxe8+ Kg7 49. Rd8 Kf6 50. Qh8+ Ke7 51. Re8+ Kd7 52. Qf8 Kc6 53. Qe7 Qxe7 54. Rxe7 Kd6 55. R7xe6+ fxe6 56. Rg5 1-0

[Event "Outaouais-ch Reserve"]
[Site "Gatineau CAN"]
[Date "2013.05.07"]
[Round "4"]
[White "Raymond, Robert"]
[Black "Traversy, Pierre"]
[Result "0-1"]
[WhiteElo "1378"]
[BlackElo "1154"]
[PlyCount "44"]
[GameId "2160767909364559"]
[EventDate "2013.04.16"]
[EventType "swiss"]
[EventRounds "6"]
[EventCountry "CAN"]
[SourceTitle "EXT 2022"]
[Source "ChessBase"]
[SourceDate "2021.10.06"]
[SourceVersion "1"]
[SourceVersionDate "2021.10.06"]
[SourceQuality "1"]

1. e4 e5 2. Nf3 Nc6 3. Bb5 Nge7 4. c3 d6 5. O-O Bg4 6. d4 a6 7. Ba4 b5 8. d5 Nb8 9. Bc2 Nd7 10. Nbd2 Ng6 11. h3 h5 12. Qe1 Nh4 13. Bd1 Nxf3+ 14. Bxf3 Bxf3 15. Nxf3 Be7 16. Bd2 h4 17. Qc1 Nf6 18. Re1 Qd7 19. Bg5 Ng8 20. Bxe7 Qxe7 21. Qg5 Qxg5 22. Nxg5 Nf6 0-1

[Event "Outaouais-ch Reserve"]
[Site "Gatineau CAN"]
[Date "2013.05.07"]
[Round "4"]
[White "Simard, Paul"]
[Black "Arsenault, Yves"]
[Result "0-1"]
[WhiteElo "1219"]
[BlackElo "1565"]
[PlyCount "76"]
[GameId "2160767909364560"]
[EventDate "2013.04.16"]
[EventType "swiss"]
[EventRounds "6"]
[EventCountry "CAN"]
[SourceTitle "EXT 2022"]
[Source "ChessBase"]
[SourceDate "2021.10.06"]
[SourceVersion "1"]
[SourceVersionDate "2021.10.06"]
[SourceQuality "1"]

1. e4 c5 2. Nf3 Nc6 3. Nc3 e5 4. Bc4 Be7 5. O-O d6 6. h3 Nf6 7. d3 Na5 8. Bb5+ Nc6 9. a3 O-O 10. b4 cxb4 11. axb4 Nxb4 12. Ba3 Nc6 13. Bc4 a6 14. Ba2 b5 15. Nd5 Nxd5 16. Bxd5 Bb7 17. Qd2 a5 18. c3 Rc8 19. Rab1 Ba6 20. Rfc1 Bf6 21. d4 Re8 22. Qa2 Rc7 23. Rd1 exd4 24. cxd4 b4 25. Bxb4 Nxb4 26. Qxa5 Nxd5 27. Qxd5 Be2 28. Rd2 Bxf3 29. gxf3 Qc8 30. Kh2 Rc2 31. Rxc2 Qxc2 32. Rg1 Qxf2+ 33. Rg2 Qxf3 34. Qb5 Qxe4 35. Kh1 Bxd4 36. Kh2 Be5+ 37. Kh1 Rc8 38. Qf1 Bf4 0-1

[Event "Outaouais-ch Reserve"]
[Site "Gatineau CAN"]
[Date "2013.05.14"]
[Round "5"]
[White "Berthiaume, Serge"]
[Black "Choiniere, Rene"]
[Result "1/2-1/2"]
[WhiteElo "1438"]
[BlackElo "1607"]
[PlyCount "127"]
[GameId "2160767909364561"]
[EventDate "2013.04.16"]
[EventType "swiss"]
[EventRounds "6"]
[EventCountry "CAN"]
[SourceTitle "EXT 2022"]
[Source "ChessBase"]
[SourceDate "2021.10.06"]
[SourceVersion "1"]
[SourceVersionDate "2021.10.06"]
[SourceQuality "1"]

1. d4 d5 2. Nf3 Nf6 3. Bf4 e6 4. e3 Be7 5. Bd3 c5 6. c3 Nc6 7. Nbd2 Bd7 8. Bc2 O-O 9. h3 cxd4 10. cxd4 Nb4 11. O-O Nxc2 12. Qxc2 Rc8 13. Qb3 Qb6 14. Qxb6 axb6 15. Rfc1 Rxc1+ 16. Rxc1 Rc8 17. Rxc8+ Bxc8 18. Bc7 b5 19. Nb3 Nd7 20. Ne5 Nxe5 21. Bxe5 g6 22. Kf1 Kf8 23. Ke2 Ke8 24. Nc5 Bxc5 25. dxc5 Kd7 26. Kd3 Kc6 27. Kd4 Kd7 28. b4 Ke8 29. Bf6 Bd7 30. g3 h5 31. h4 Bc6 32. Ke5 Kd7 33. Bg5 Ke8 34. Kd6 Kf8 35. Bf6 Ke8 36. Kc7 Kf8 37. Kd8 Kg8 38. Ke7 d4 39. exd4 Bd5 40. a3 Be4 41. Kd6 Kf8 42. Kc7 Ke8 43. Kd6 Bg2 44. Ke5 Bf3 45. Kf4 Bd5 46. f3 Bc6 47. g4 hxg4 48. fxg4 Kf8 49. h5 gxh5 50. gxh5 Kg8 51. h6 Kh7 52. Kg5 Bd5 53. Bg7 Kg8 54. Kf6 Bc4 55. Ke7 Bd5 56. Kd6 Be4 57. Kc7 Bc6 58. Kb6 Kh7 59. Kc7 Kg6 60. Kd6 Kh7 61. Ke7 Kg8 62. Kf6 Be4 63. Ke5 Bd5 64. Kf6 1/2-1/2

[Event "Outaouais-ch Reserve"]
[Site "Gatineau CAN"]
[Date "2013.05.14"]
[Round "5"]
[White "Danilov, Alex"]
[Black "Jobin, Gilles G"]
[Result "1-0"]
[WhiteElo "1693"]
[BlackElo "1842"]
[PlyCount "75"]
[GameId "2160767909364562"]
[EventDate "2013.04.16"]
[EventType "swiss"]
[EventRounds "6"]
[EventCountry "CAN"]
[SourceTitle "EXT 2022"]
[Source "ChessBase"]
[SourceDate "2021.10.06"]
[SourceVersion "1"]
[SourceVersionDate "2021.10.06"]
[SourceQuality "1"]

1. e4 c5 2. Nf3 e6 3. d4 cxd4 4. Nxd4 a6 5. c4 Qc7 6. Nc3 Nc6 7. Be3 b6 8. Be2 Nge7 9. Ndb5 axb5 10. Nxb5 Qb8 11. Nd6+ Kd8 12. Nxf7+ Ke8 13. Nxh8 g6 14. O-O Bg7 15. Nxg6 Nxg6 16. f4 Bf6 17. f5 exf5 18. Rxf5 Be5 19. Rh5 Bf4 20. Bf2 h6 21. g3 Bg5 22. h4 Be3 23. Kg2 Bxf2 24. Kxf2 Ra5 25. Rxh6 Nf4 26. Rh8+ Ke7 27. gxf4 Qxf4+ 28. Bf3 Ba6 29. Rh7+ Kf8 30. Qxd7 Qxf3+ 31. Kxf3 Ne5+ 32. Kf4 Nxd7 33. Rxd7 Rh5 34. Rh1 Bxc4 35. b3 Be6 36. Rd6 Ke7 37. Rxb6 Ra5 38. Rh2 1-0

[Event "Outaouais-ch Reserve"]
[Site "Gatineau CAN"]
[Date "2013.05.14"]
[Round "5"]
[White "Jiang, Qizhe"]
[Black "Kouassi, Karen"]
[Result "1-0"]
[WhiteElo "1450"]
[BlackElo "1199"]
[PlyCount "57"]
[GameId "2160767909364563"]
[EventDate "2013.04.16"]
[EventType "swiss"]
[EventRounds "6"]
[EventCountry "CAN"]
[SourceTitle "EXT 2022"]
[Source "ChessBase"]
[SourceDate "2021.10.06"]
[SourceVersion "1"]
[SourceVersionDate "2021.10.06"]
[SourceQuality "1"]

1. e4 e5 2. Nf3 Nc6 3. Bc4 d6 4. c3 Be6 5. Bxe6 fxe6 6. Qb3 b6 7. Qxe6+ Be7 8. Ng5 Nh6 9. Qd5 Qd7 10. Ne6 Bf6 11. d4 Rc8 12. Bg5 Ne7 13. Qb3 d5 14. dxe5 Bxe5 15. exd5 Nxd5 16. Nd4 O-O 17. O-O Ng4 18. Nf3 Rf5 19. h3 h6 20. hxg4 Rxf3 21. gxf3 hxg5 22. Rd1 c6 23. c4 Kh8 24. cxd5 c5 25. Nc3 c4 26. Qc2 Rf8 27. Kg2 Qf7 28. Rh1+ Kg8 29. Qh7# 1-0